00670 2200241 4500001002100000005001700021008004100038020002000079035002400099082001000123090001700133100002100150245008100171250001100252260003100263300001900294504001700313650002200330700002200352990001800374990001800392990001800410YOGYA-0411000000182320110421082342.0 ind  a979-963-835-277 0010-041100000001823 a297.2 a297.2bKom N aKomandoko, Gamal aNggak usah sedih Allah beserta kita/Gamal Komandoko; editor K.S Pangambaraan aCet. 1 aYogyakartabGarailmuc2009 a280 hlmc20 cm ahlm. 275-277 aIman Kepada Allah aPangambaraan, K.S a51246-PD/B.10 a51247-PD/B.10 a51248-PD/B.10